| 000 | 00760nam a2200229 u 4500 | ||
|---|---|---|---|
| 005 | 20240228064036.0 | ||
| 008 | 120608s2009 mx r 000 0 spa d | ||
| 020 | _a9786071101716 | ||
| 035 | _aUPN01000184912 | ||
| 049 | _aI | ||
| 050 | 4 |
_aPS3613 A3.2 _bS7.4 |
|
| 100 | 1 |
_aMcDonald, Megan, _d1959- _932512 |
|
| 245 | 1 | 0 |
_aStink el increíble niño menguante / _cMegan McDonald ; tr. P. Rozarena ; il. Peter H. Reynolds. |
| 260 |
_aMéxico : _bAlfaguara, _c2009. |
||
| 300 |
_a102 p. : _bil. |
||
| 440 | 0 |
_aAlfaguara infantil ; _v1 |
|
| 534 |
_pTítulo original: _tStink : the incredible shringing Kid |
||
| 650 | 4 |
_aLibros y lectura para niños _92290 |
|
| 650 | 7 |
_aLiteratura infantil estadounidense _2 _99173 |
|
| 905 | _aInfantil | ||
| 999 |
_c157015 _d157015 |
||